000 00512 a2200217 4500
260 _aParis
100 _aBOULAINE, Jean
260 _bPresses universitaires de France
245 _aGéographie des sols
300 _a199 p.
650 _a<Sols>
260 _c1975
300 _bcart., fig. ; 21 cm
130 _lFr.
035 _a2679
440 _a(Le géographe ; 17)
500 _aComprend un index. - Bibliographie : pp. 192-197
999 _c11537
_d11537